Państwa na półwyspie bałkańskim - Statystyki

Ogólne statystyki
  • Ten quiz został rozwiązany 161 razy
    121 od ostatniego zresetowania
  • Średni wynik to 12 z 13
Statystyki odpowiedzi
Liczba ludności Miasto % Poprawnych
3 507 000 Bośnia i Hercegowina
97%
7 061 000 Bułgaria
95%
4 149 000 Chorwacja
94%
10 768 000 Grecja
92%
3 038 594 Albania
91%
1 920 079 Kosowo
91%
19 250 617 Rumunia
91%
7 111 024 Serbia
90%
623 000 Czarnogóra
89%
2 076 000 Macedonia Północna
86%
82 835 090 Turcja
85%
2 061 952 Słowenia
84%
60 483 973 Włochy
65%
Nie znaleziono quizów pasujących do podanych kryteriów
Rozkład punktacji
Procent ludzi z każdym wynikiem
Percentyl według liczby udzielonych odpowiedzi
Twoja historia wyników
Nie rozwiązałeś tego quizu od ostatniego zresetowania